000 00356nam a2200133Ia 4500
008 150202s9999 xx 000 0 und d
020 _a450390063
050 _aFIC
_bFIC
100 _aAlbeury, Ted.
245 _aChildren of tender years /
_cAllbeury Ted.
260 _aLondon :
_bNEL Books,
_c1985.
300 _a231 pages :
_c18 cm.
650 _aFiction.
999 _c281790
_d281790